000 00525cam a22001217a 4500
008 180718b xxu||||| |||| 00| 0 eng d
082 _aL8065x5453 K45
245 _aStatistics for planning
_cby State Planning Board, The Bureau of Economics and Statistics, Kerala
260 _aTrivandrum
_bState Planning Board, The Bureau of Economics and Statistics
_c
500 _aContents: Library has 1993
650 _aAccounting - Statistics - India - Kerala
700 _aKerala. State Planning Board. The Bureau of Economics and Statistics
999 _c482907
_d482907